Spatial evolutionary modeling

Αποθηκεύτηκε σε:
Λεπτομέρειες βιβλιογραφικής εγγραφής
Κύριος συγγραφέας: Krzanowski, Roman
Άλλοι συγγραφείς: Raper, Jonathan
Μορφή: Βιβλίο
Γλώσσα:English
Δημοσίευση: Oxford; New York : Oxford University Press, 2001
Σειρά:Spatial information systems
Θέματα:
Ετικέτες: Προσθήκη ετικέτας
Δεν υπάρχουν, Καταχωρήστε ετικέτα πρώτοι!

MARC

LEADER 00000nam a2200000 i 4500
001 1/48046
008 070712s2001 eng d
020 |a 0-19-513568-7 
035 |l 10088811 
040 |a GR-MY-UA  |b gre  |e aacr 
041 0 |a eng 
082 0 |a 910.285  |2 (22) 
100 1 |a Krzanowski, Roman. 
245 1 0 |a Spatial evolutionary modeling /  |c Roman Krzanowski, Jonathan Raper 
260 |a Oxford; New York :   |b Oxford University Press,   |c 2001 
300 |a xx, 244 σ.;  |b εικ.;  |c 25 εκ. 
490 1 |a Spatial information systems 
504 |a Περιέχει βιβλιογραφικές παραπομπές και ευρετήριο 
650 0 0 |a Geographic information systems. 
650 0 0 |a Genetic algorithms. 
650 0 0 |a Mathematical models. 
700 1 |a Raper, Jonathan. 
830 0 |a Spatial information systems 
852 |a INST  |b LESVOS  |e 20070712  |h 910.285 KRZ  |p 005100041530  |q 005100041530  |t BK  |y 0 
901 |a BIBL1-2007-2 
909 |a Λ  |b 135947 
922 |a 1ΕΛΗ  |b 200706  |c ΕΠΕΑΕΚ2/ΤΓ  |d ΕΛΕΥΘΕΡΟΥΔΑΚΗΣ 
970 |a ΚΑΡΑ  |b ΓΙΑΣΕΜΗ  |z 2007/07/12